MARC

LEADER 00000nam0a2200000 4500
001 675556
005 20241212100221.0
035 |a (RuTPU)RU\TPU\book\323395 
090 |a 675556 
100 |a 20241016d1974 k||y0rusy50 ca 
101 0 |a rus 
102 |a RU 
105 |a a z 001zy 
181 0 |a i   |b  e  
182 0 |a n 
183 0 |a nc  |2 RDAcarrier 
200 1 |a Химическое машиностроение  |e [сборник]  |f Всесоюзный научно-исследовательский и конструкторский институт химического машиностроения НИИХИММАШ; под ред. С. И. Ивахина 
203 |a Текст  |b визуальный  |c непосредственный 
210 |a Москва  |c Изд-во НИИхиммаш  |d 1974 
215 |a 167 с.  |c ил. 
225 |a Сборник научных трудов [НИИХИММАШ]  |v Вып. 69: Оборудование с применением неметаллических материалов 
283 |a volume  |2 RDAcarrier 
320 |a Библиография в конце статей 
606 1 |a Неметаллические материалы  |x Химическое машиностроение  |9 51566 
610 1 |a химическое производство 
610 1 |a эмалированное оборудование 
610 1 |a управление 
610 1 |a математические методы 
610 1 |a полимерные материалы 
610 1 |a неорганические материалы 
610 1 |a физико-механические свойства 
610 1 |a химическая стойкость 
610 1 |a коррозионное растрескивание 
610 1 |a долговечность 
675 |a 66.02.002.3  |v 4 
702 1 |a Ивахин  |b С. И.  |4 340 
712 0 2 |a Всесоюзный научно-исследовательский и конструкторский институт химического машиностроения  |c (1946-1969)  |c (Москва)  |9 24783 
801 1 |a RU  |b 63413507  |c 20241016 
801 2 |a RU  |b 63413507  |c 20170627  |g RCR 
830 |a Ретро2024Продолжающиеся 
850 |a 63413507 
942 |c CR